|
|
|
|
| LEADER |
00000nab#a22000007a#4500 |
| 001 |
arbauad023298 |
| 003 |
AR-BaUAD |
| 005 |
20250711111954.0 |
| 008 |
961107|||||||||###||||||b###|0###a|spa|| |
| 040 |
|
|
|a AR-BaUAD
|c AR-BaUAD
|b spa
|
| 100 |
|
|
|a Bennet, John
|
| 245 |
|
|
|a Uffici "giovani" /
|c John Bennet; Franco Raggi;
|
| 300 |
0 |
|
|b fot., il., plantas, maquetas
|
| 500 |
|
|
|a Trabajos de investigación referida al equipamiento realizados por alumnos del Instituto Europeo de Diseño de Milan.
|
| 653 |
|
|
|a ITALIA
|
| 653 |
|
|
|a MILAN
|
| 653 |
|
|
|a EQUIPAMIENTO
|
| 653 |
|
|
|a OFICINAS
|
| 653 |
|
|
|a MOBILIARIO
|
| 653 |
|
|
|a MUEBLES MODULARES
|
| 653 |
|
|
|a DISEÑO DE INTERIORES
|
| 653 |
|
|
|a DISEÑO INDUSTRIAL
|
| 700 |
1 |
|
|a Raggi, Franco
|
| 773 |
0 |
|
|t OTTAGONO
|g no. 120 [set.-nov. 1996], p. 60-64
|
| 942 |
|
|
|c ARTI
|
| 952 |
|
|
|0 0
|1 0
|4 0
|7 0
|9 68217
|a AR-BAuAD
|b AR-BAuAD
|d 2025-07-11
|l 0
|p AAQA023298
|r 2025-07-11 11:19:54
|w 2025-07-11
|y ARTI
|
| 990 |
|
|
|a DI199
|b TD
|
| 998 |
|
|
|a AAQ
|b BIBUN76
|
| 999 |
|
|
|c 47890
|d 47890
|